Statistics for Horror Movie Villains

Click here to take the quiz!

General Stats

  • This quiz has been taken 122 times
  • The average score is 13 of 35

Answer Stats

HintAnswer% Correct
A Nightmare On Elm StreetFreddy Krueger
91%
HellraiserPinhead
84%
PsychoNorman Bates
81%
ItPennywise
81%
SawJigsaw
77%
Child’s playChucky
75%
HalloweenMichael Myers
74%
Texas Chainsaw MassacreLeatherface
72%
Friday the 13th Part 2Jason Voorhees
71%
The Silence Of The LambsHannibal Lecter
67%
ScreamGhostface
66%
CujoCujo
56%
FrankensteinFrankenstein’s Monster
51%
AlienXenomorph
51%
The ShiningJack Torrance
41%
DraculaCount Dracula
39%
JawsGreat White Shark
28%
The ThingThing
25%
Friday the 13thMrs Voorhees
20%
The OmenDamien Thorn
19%
The Phantom Of The OperaThe Phantom
18%
Creature From The Black LagoonGill-Man
15%
The MummyImhotep
15%
The Hunchback Of Notre DameQuasimodo
14%
GremlinsStripe
14%
NosferatuCount Orlock
12%
The FlySeth Brundle
10%
The Mole PeopleMole People
8%
PredatorJungle Hunter
5%
The Wolf ManLarry Talbot
5%
Predator 2City Hunter
4%
CandymanDaniel Robitaille
3%
The Invisible ManJack Griffin
3%
The Mummy’s HandKharis
3%
This Island EarthMetaluna Mutant
0%

Score Distribution

Percentile by Number Answered

Percent of People with Each Score

Your Score History

You have not taken this quiz